الفن الإسلامي (notice n° 9215)

détails MARC
000 -Label
leader 03877nam a2200253 4500
099 ## - Informations locales
Type de document Livre
100 ## - Données générales de traitement
a 20251114d u||y0frey5050 ba
101 ## - Langue
langue document arabe
102 ## - Pays d'édition ou de production
pays d'édition Tunisie
200 ## - Titre
titre propre الفن الإسلامي
type de document Livre
sous-titre المفهوم و النشأة و الجماليات
auteur محمد الكحلاوي
210 ## - Editeur
lieu de publication Tunisie
nom de l'éditeur منشورات كارم الشريف
date de publication 2010
215 ## - Description
Importance matérielle 265p.
autres carac. couv.coul
format 21x15
330 ## - Résumé
Résumé رغم كثرة الدّراسات و البحوث المنجزة حول الفنّ الإسلامي و تاريخه، سواء ألّفها مستشرقون و مؤرّخو فنّ غربيون أو وضعها باحثون عرب، فإنّ مشكلة تحديد مفهوم "الفنّ الإسلامي"، أو "الفنّ العربي الإسلامي" ووضعه في سياقه المرجعي، مسألة لم يدرك إشكالياتها و ملابساتها الحقيقيّة إلّا قلّة ممّن وضع اصطلاح "الفنّ الإسلامي" و سياقه التداولي موضع مساءلة، و نقد، مستندا في ذلك إلى المفاهيم المعاصرة لعلم الجمال و فلسفة الفنّ و السيميائيات، و غيرها من مكتسبات سائر حقول المعرفة و الإنسانيّات، مع الاطّلاع الواسع على أمّهات مصادر الثّقافة العربية في الفلسفة و التصوّف و الأدب، بحثا عن معان و تصوّرات للفنّ و الجمال، اختصّت بها هذه المصادر. لقد حاولنا في هذا التّأليف أن نواصل البحث في ضوء الإشكاليّات التّي طرحها باحثون مرموقون مثل الخطيبي و علي اللّواتي و الحبيب بيدة و شربل داغر و فريد الزّاهي، و أن ننطلق ممّا توصّلوا إليه من استنتاجات، تحدونا الرّغبة في بناء معالم فلسفة للفنّ الإسلامي، تدرك، بالاستناد إلى مقولاتها، الأساسيّة جماليات الفنّ الإسلامي. فعمّقنا النّظر أكثر في النّصوص الصوفيّة التّي اختصّت بمادّة معرفيّة عميقة المدارات، تستغرق نظرة العربي المسلم إلى الوجود و الألوهية و الإنسان. و لم نكتف باعتماد مقولات الفكر الصوفي في قراءة جماليات فنّ الخطّ العربي أو الزّخرفة، بل طرقنا موضوع المدينة العربيّة الإسلاميّة من جهة منشآتها و تخطيطها و انتظام وحداتها.
606 ## - sujets
sujet الفن و الجمال في الحضارات القديمة
subdiv. sujet الفن المصري القديم
-- الفن في بلاد الرافدين
-- الفن الكنعاني
-- الفن الفارسي القديم
-- الفن الهندي
-- الفن الصيني
koha internal code 24773
606 ## - sujets
sujet الفن العربي الإسلامي : المفهوم و النشأة
subdiv. sujet الفن الإسلامي
-- الخط العربي : من التدوين إلى الفن
koha internal code 24774
606 ## - sujets
sujet الفن وتحريم الصورة
subdiv. sujet موقف الديانة اليهودية من الفن
-- موقف المسيحية من الفن
-- صناعة التصوير لدى عرب ما قبل الإسلام
-- مشكلة الصورة في الإسلام
koha internal code 24775
606 ## - sujets
sujet جماليات الفن الإسلامي
subdiv. sujet جماليات المدينة العربية الإسلامية
-- الزخرفة والرقش وجمالية التجريد
koha internal code 24776
606 ## - sujets
sujet L'art islamique
subdiv. sujet concept, origine et esthétique
koha internal code 25388
700 ## - Auteur
code de fonction Auteur
auteur الكحلاوي
prénom محمد
koha internal code 24777
701 ## - coauteur
code de fonction Illustrateur
nom مصدق
prénom حسين
koha internal code 24778
801 ## - source de catalogage
pays TN
agence de catalogage 32BIS
date de la transaction 20251114
règles de catalogage utilisées UNIMARC
830 ## - note
catalogeur MS
Exemplaires
Propriétaire Dépositaire Localisation Code barre Numéro Inventaire Cote Note Statut
The 32bis Library The 32bis Library Salle de lecture 32BIS 006972 6887 709.174 KAH Don Mariem Saidi Consultable sur place
32 bis, rue Ben Ghedhahem 1000 Tunis - Tunisie www.32bis.org
Contact : mediatheque@32bis.org